Literárne dielo slovakistické state slovenského exulanta v Taliansku [1]

Bibliographic Details
Main Author: Visco, Agostino, 1930- (Author)
Other Authors: Rydlo, Jozef M., 1948- (Compiler)
Format: Book
Language:Slovak
Italian
PhysicalDescription:396 s. 22 cm
Published: Bratislava Libri Historiae 2008
ISBN:9788089348039
Edition:1. vyd.
Series:Libri Historiae Slovaciae
Scriptores
Subjects:

MARC

LEADER 00000cam a2200000 a 4500
001 vtls009520580
003 SK-MaSNL
005 20260425232613.0
008 251029s2008 xo d 000 0bslo
015 |a SNBA2009/09-04597 
020 |a 9788089348039  |q (viaz.) 
035 |a (SVKBB)vtls000308304 
035 |a urn:nbn:sk:snk-amk2bo 
035 |a urn:nbn:sk:snk-am0086ud 
035 |a 7320A4AE-1ACB-4FFC-9404-BAC29D65E279 
040 |a SNK  |b slo  |c SNK  |e AACR2 
041 0 |a slo  |a ita 
043 |a e-xo---  |a e-it--- 
044 |a xo  |c SK 
072 7 |a 80  |x Filológia  |2 konspekt 
072 7 |a 929  |x Biografie  |2 konspekt 
080 |a (=162.4)  |2 2001 
080 |a 314.151.3-054.7  |2 2001 
080 |a 80(=162.4)+908(437.6)  |2 2001 
080 |a 801.82  |2 2001 
080 |a (437.6)  |2 2001 
080 |a (081.1)  |2 2001 
080 |a (450)  |2 2001 
080 |a 82.0-051  |2 2001 
100 1 |a Visco, Agostino,  |d 1930-  |4 aut  |9 1637631 
245 1 0 |a Literárne dielo  |n [1]  |b slovakistické state slovenského exulanta v Taliansku  |c Agostino Visco ; zostavil Jozef M. Rydlo 
250 |a 1. vyd. 
260 |a Bratislava  |b Libri Historiae  |c 2008 
300 |a 396 s.  |c 22 cm 
490 1 |a Libri Historiae Slovaciae 
490 1 |a Scriptores  |v [8] 
500 |a Ed. pozn. 
500 |a Doslov súbež. tal. 
504 |a Bibliogr. s. 343-359 
600 1 7 |a Visco, Agostino,  |d 1930-  |2 SNKMA  |9 1637631 
650 0 7 |a Slováci  |z zahraničie  |2 SNKPH  |9 354242 
650 0 7 |a emigranti  |2 SNKPH  |9 19799 
650 0 7 |a slovakistika  |2 SNKPH  |9 20944 
650 0 7 |a literárne dielo  |2 SNKPH  |9 69506 
650 0 7 |a literárni vedci  |2 SNKPH  |9 220855 
651 7 |a Slovensko  |2 SNKPH  |9 14231 
651 7 |a Taliansko  |2 SNKPH  |9 21019 
655 7 |a zobrané spisy  |2 SNKPH  |9 70576 
700 1 |a Rydlo, Jozef M.,  |d 1948-  |4 com  |9 207120 
830 0 |a Libri Historiae Slovaciae  |9 304441 
830 0 |a Scriptores  |9 290171 
919 |a 978-80-89348-03-9 
958 |a NB 
968 |d 82 
999 |c 744155  |d 746085 
952 |a SNK  |b SNK  |y PREZ  |7 0  |p 17A0627845  |o snkSC 136805/1  |i snk2009/14174  |8 0  |0 0  |1 0  |4 0  |d 2009-08-06  |l 0  |r 2025-07-02 00:00:00  |w 2026-02-23 
952 |a SNK  |b SNK  |y VYP  |7 0  |p 17A0627846  |o snkSC 136805/1 D1  |i snk2009/14175  |8 0  |0 0  |1 0  |4 0  |d 2009-08-06  |f 1  |l 0  |r 2026-02-23 23:11:19  |w 2026-02-23